Galería Metropolitana 2004-2010... (Record no. 1410)
[ view plain ]
| 000 -LEADER | |
|---|---|
| campo de control de longitud fija | 00472nam a2200145 4500 |
| 008 - DATOS DE LONGITUD FIJA--INFORMACIÓN GENERAL | |
| campo de control de longitud fija | 708 S112g |
| 020 ## - NÚMERO INTERNACIONAL ESTÁNDAR DEL LIBRO | |
| Número Internacional Estándar del Libro | 9789563455144 |
| 082 ## - NÚMERO DE LA CLASIFICACIÓN DECIMAL DEWEY | |
| Número de clasificación | 708 |
| Número de ítem | S112g |
| 100 ## - ENTRADA PRINCIPAL--NOMBRE DE PERSONA | |
| Nombre de persona | Saavedra, Ana María (editora) |
| 9 (RLIN) | 6207 |
| 245 ## - MENCIÓN DEL TÍTULO | |
| Título | Galería Metropolitana 2004-2010... |
| 260 ## - PUBLICACIÓN, DISTRIBUCIÓN, ETC. | |
| Lugar de publicación, distribución, etc. | Santiago de Chile |
| Nombre del editor, distribuidor, etc. | ANDROS Impresores |
| Fecha de publicación, distribución, etc. | 2011 |
| 300 ## - DESCRIPCIÓN FÍSICA | |
| Extensión | 174 p. |
| Otras características físicas | ill |
| Dimensiones | 28 x 19.5 cm. |
| 650 ## - PUNTO DE ACCESO ADICIONAL DE MATERIA--TÉRMINO DE MATERIA | |
| Subdivisión general | arte contemporáneo |
| -- | exhibiciones |
| -- | Galería Metropolitana |
| -- | Chile |
| 9 (RLIN) | 6208 |
| 700 ## - ENTRADA AGREGADA--NOMBRE PERSONAL | |
| Nombre de persona | Alarcón, Luis (editor) |
| 9 (RLIN) | 6209 |
| Estatus retirado | Estado de pérdida | Fuente del sistema de clasificación o colocación | Estado de daño | No para préstamo | Biblioteca de origen | Biblioteca actual | Ubicación en estantería | Fecha de adquisición | Total de préstamos | Signatura topográfica completa | Código de barras | Visto por última vez | Precio de reemplazo | Tipo de ítem Koha |
|---|---|---|---|---|---|---|---|---|---|---|---|---|---|---|
| Clasificación Decimal Dewey | Biblioteca LadoV | Biblioteca LadoV | 17/03/2018 | 708 S112g | 004541 | 17/03/2018 | 17/03/2018 | Material 01 |
